书目信息 |
| 题名: |
管理经济学
|
|
| 作者: | 胡继灵 , 王家琪 主编 | |
| 分册: | ||
| 出版信息: | 武汉 武汉理工大学出版社 2003 |
|
| 页数: | 297页 | |
| 开本: | 21cm | |
| 丛书名: | 21世纪工商管理课程系列教材 | |
| 单 册: | ||
| 中图分类: | F270 | |
| 科图分类: | ||
| 主题词: | 管理经济学 | |
| 电子资源: | ||
| ISBN: | 7-5629-2001-X | |
| 000 | 00733nam2 2200253 45 | |
| 001 | 012004000000 | |
| 005 | 20050104100305.07 | |
| 010 | @a7-5629-2001-X@dCNY 17.50 | |
| 100 | @a20041220d2003 em y0chiy0121 ea | |
| 101 | 0 | @achi |
| 102 | @aCN@b420000 | |
| 105 | @aak z 000yy | |
| 200 | 1 | @a管理经济学@Aguan li jing ji xue@f胡继灵, 王家琪主编 |
| 210 | @a武汉@c武汉理工大学出版社@d2003 | |
| 215 | @a297页@c图, 表格@d21cm | |
| 225 | 2 | @a21世纪工商管理课程系列教材 |
| 320 | @a书末附参考文献 | |
| 410 | 0 | @12001 @a21世纪工商管理课程系列教材 |
| 606 | 0 | @a管理经济学 |
| 690 | @aF270@v4 | |
| 701 | 0 | @a胡继灵@Ahu ji ling@4主编 |
| 701 | 0 | @a王家琪@Awang ji qi@4主编 |
| 801 | 0 | @aCN@bQSSKxf@c20050104 |
| 905 | @a10447@dF270@eH470 | |
| 管理经济学/胡继灵, 王家琪主编.-武汉:武汉理工大学出版社,2003 |
| 297页:图, 表格;21cm.-(21世纪工商管理课程系列教材) |
| ISBN 7-5629-2001-X:CNY 17.50 |
| ● |
| 相关链接 |
|
|
|
正题名:管理经济学
索取号:F270/H470
 
预约/预借
| 序号 | 登录号 | 条形码 | 馆藏地/架位号 | 状态 | 备注 |
| 1 | 434108 | 204341088 | 社科库409/409社科库 83排2列1层/ [索取号:F270/H470] | 在馆 | |
| 2 | 434109 | 204341097 | 社科库409/409社科库 83排2列1层/ [索取号:F270/H470] | 在馆 | |
| 3 | 434110 | 204341104 | 社科库409/409社科库 83排2列1层/ [索取号:F270/H470] | 在馆 |